000 01556nam0a2200349 4500
001 RU\NLR\b_ik\155036
005 20260406120730.0
010 _a5-201-04821-8
_9250
035 _a(NLR Aleph) 002228027
090 _a3389164
_c3389164
100 _a20070111d2006 |||y0rusy50 ca
101 0 _aeng
102 _aRU
105 _ay |||||||||
200 1 _aAfrican security: international and regional problems
_fauth.: T. Deych, K. Gottschalk, D. Hickey et al.
_ged. by Dennis Hickey a. Mikhail Vishnevskiy]
_gRuss. acad. of sciences, Inst. for Afr. studies
210 _aMoscow
_cInst. for Afr. studies
_d2006
215 _a134, [1] с.
_d21
320 _aБиблиогр. в подстроч. примеч.
541 0 _aАфриканская безопасность: международные и региональные проблемы
_zrus
606 1 _aНациональная безопасность
_yАфриканские страны
_92490613
_3RU\NLR\AUTH\661477847
606 1 _aНациональная безопасность
_xПравовое регулирование
_yАфриканские страны
_92492513
_3RU\NLR\AUTH\661478845
686 1 _aХ819(6)112
686 1 _aЦ8(6)1
701 1 _aDeych
_bT.
_4070
701 1 _aGottschalk
_bK.
_4070
701 1 _aHickey
_bD.
_gDennis
_4070
702 1 _aHickey
_bD.
_gDennis
_4340
712 0 2 _4570
_8eng
_aAfrica institute
_cMoscow
_7ba
_3RU\NLR\AUTH\8813202
_9299433
801 0 _aRU
_bNLR
_c20070111
_gRCR
942 _cBOOK
980 _aNB